000 00541cam a22002052a 4500
001 012176
003 AR-FADEU
008 311216n1967####xxu####################dd
092 _a612.6
_bB495-5
100 _aBerge, André
245 _aLa educación sexual de la infancia
250 _a5a. ed
260 _aBarcelona
260 _bLuis Miracle
260 _c1967
300 _a131 p
440 _aBiblioteca práctica de pedagogía, psicología y psicopatología de la infancia`b4
650 _aEDUCACION SEXUAL
942 _cBDGR
999 _c17949
_d17949